| 000 | 00760nam a2200229 i 4500 | ||
|---|---|---|---|
| 003 | IT-RoINE | ||
| 005 | 20181213102705.0 | ||
| 008 | 041108s1910 fr a||||r |||||||fre|d | ||
| 040 |
_cIT-RoINE _dIT-RoINE |
||
| 100 | 1 |
_aVirey, Philippe, _d1853-1920 _955490 |
|
| 245 | 1 | 3 |
_aLa religion de l'ancienne Egypte / _cpar Philippe Virey. |
| 260 |
_aParis : _bBeauchesne, _c1910. |
||
| 300 |
_aVIII, 352 p., [2] h. de lám. : _bil. ; _c19 cm. |
||
| 336 |
_2rdacontent _atext |
||
| 337 |
_2rdamedia _aunmediated |
||
| 338 |
_2rdacarrier _avolume |
||
| 490 | 1 |
_aEtudes sur l'histoire des religions ; _v4 |
|
| 500 | _a"Table analytique": p. [315]-348. | ||
| 650 | 4 |
_aReligión egipcia _955492 |
|
| 830 | 0 |
_aEtudes sur l'histoire des religions ; _955491 _v4 |
|
| 942 | _cMTS | ||
| 999 |
_c28121 _d28121 |
||